| 000 | 00652nam a2200229 u 4500 | ||
|---|---|---|---|
| 005 | 20210223133343.0 | ||
| 008 | 170803s2003 r 000 0 eng d | ||
| 020 | _a9687377763 | ||
| 035 | _aUPN01000219323 | ||
| 049 | _aCG | ||
| 050 | 4 |
_aPQ7269.2 _bM3.2 |
|
| 100 | 1 |
_aMalpica Maury, Antonio, _d1967- _930238 |
|
| 245 | 1 | 0 |
_aBlanco y negro / _cAntonio Malpica, Edgar Chías, David Olguín. |
| 260 |
_aMéxico : _bCECA, _c2003. |
||
| 300 | _a173 p. | ||
| 440 | 0 | _aDramaturgía | |
| 650 | 4 |
_aTEATRO MEXICANO - _ySIGLO XXI _922955 |
|
| 700 | 1 |
_aChías, Edgar, _ecoaut. |
|
| 700 | 1 |
_aOlguín, David, _ecoaut. |
|
| 905 | _aLibro | ||
| 999 |
_c191423 _d191423 |
||